000 00721nam a2200193Ia 4500
003 GCL
008 140319s9999 xx 000 0 ara d
040 _aGCL /
_cGCL
082 0 4 _a413.1
_bم م
100 1 _aمحمد حمود
245 1 0 _aموسوعة الاسماء العربية ومعانيها :
_bمسئولية الأهل في اختيار أسماء الاطفال /
_cمحمد حمود
260 _aبيروت :
_bدار الفكر اللبنانى ،
_c1999
300 _a256 ص ؛
_c22 سم
490 _aموسوعات الوافى بالمعلومات
_v0
650 0 4 _aاسماء الاشخاص
650 0 4 _aالاسماء العربية
650 0 4 _aالاسماء - معاجم
942 _2ddc
_cBK
999 _c2199
_d2199